Normal view
MARC view
Entry Personal Name
001 - CONTROL NUMBER
- control field: 57962
003 - CONTROL NUMBER IDENTIFIER
- control field: dpl
005 - DATE AND TIME OF LATEST TRANSACTION
- control field: 20231020110927.0
008 - FIXED-LENGTH DATA ELEMENTS
- fixed length control field: 231020|| aca||aabn | a|a d
040 ## - CATALOGING SOURCE
- Original cataloging agency: dpl
- Transcribing agency: dpl
100 ## - HEADING--PERSONAL NAME
- Personal name: Jampala,Rajesh C
670 ## - SOURCE DATA FOUND
- Source citation: Work cat.: (dpl)198747: Jampala,Rajesh C., Marketing management/ , 2009
